[Event "Saarland-ch Seniors"]
[Site "Schiffweiler"]
[Date "2009.04.09"]
[Round "7"]
[White "Backes, Robert"]
[Black "Passeier, Helmut"]
[Result "1/2-1/2"]
[WhiteElo "1552"]
[BlackElo "1875"]
[PlyCount "32"]
[EventDate "2009.04.03"]
[EventType "swiss"]
[EventRounds "9"]
[EventCountry "GER"]
[SourceTitle "EXT 2012"]
[Source "ChessBase"]
[SourceDate "2011.11.24"]
[SourceVersion "1"]
[SourceVersionDate "2011.11.24"]
[SourceQuality "1"]

1. e4 e6 2. d4 d5 3. Nd2 c5 4. c3 Nc6 5. Ngf3 Qb6 6. Qa4 Bd7 7. Bb5 a6 8. Bxc6 Bxc6 9. Qc2 Rc8 10. dxc5 Bxc5 11. 0-0 Bb5 12. c4 dxc4 13. a4 c3 14. axb5 cxd2 15. Qxd2 Qxb5 16. Qg5 Bf8 1/2-1/2

[Event "Saarland-ch Seniors"]
[Site "Schiffweiler"]
[Date "2009.04.07"]
[Round "5"]
[White "Passeier, Helmut"]
[Black "Mischke, Luis"]
[Result "0-1"]
[WhiteElo "1875"]
[BlackElo "2099"]
[PlyCount "80"]
[EventDate "2009.04.03"]
[EventType "swiss"]
[EventRounds "9"]
[EventCountry "GER"]
[SourceTitle "EXT 2012"]
[Source "ChessBase"]
[SourceDate "2011.11.24"]
[SourceVersion "1"]
[SourceVersionDate "2011.11.24"]
[SourceQuality "1"]

1. e4 e5 2. Nf3 Nc6 3. Bb5 a6 4. Ba4 Nf6 5. 0-0 b5 6. Bb3 Be7 7. Re1 0-0 8. c3 d5 9. exd5 Nxd5 10. Nxe5 Nxe5 11. Rxe5 Nf6 12. h3 Bd6 13. Re1 Ng4 14. Qf3 Qh4 15. Re4 h5 16. Bd5 Rb8 17. d4 Be6 18. Bc6 Rb6 19. Bf4 Rxc6 20. Bxd6 Rxd6 21. c4 Qg5 22. hxg4 hxg4 23. Qe3 Qxe3 24. fxe3 f5 25. Re5 Bxc4 26. Nd2 Be6 27. Rf1 Bd7 28. Kh2 Rc6 29. Rc5 Rxc5 30. dxc5 Be6 31. Kg3 Rd8 32. Rf2 g5 33. Kh2 Rd3 34. Nf1 Kg7 35. a3 Rd1 36. Ng3 Kg6 37. Ne2 Rd3 38. e4 f4 39. Rxf4 g3+ 40. Kg1 Re3 0-1

[Event "Saarland-ch Seniors 23rd"]
[Site "Saarlouis"]
[Date "2004.04.09"]
[Round "8"]
[White "Passeier, Helmut"]
[Black "Becking, Alfred"]
[Result "1/2-1/2"]
[WhiteElo "1873"]
[BlackElo "2069"]
[PlyCount "36"]
[EventDate "2004.04.02"]
[EventType "swiss"]
[EventRounds "9"]
[EventCountry "GER"]
[SourceTitle "CBM 099 Extra"]
[Source "ChessBase"]
[SourceDate "2004.05.04"]
[SourceVersion "1"]
[SourceVersionDate "2004.05.04"]
[SourceQuality "1"]

1. d4 d5 2. c4 c6 3. Nc3 Nf6 4. e3 e6 5. Nf3 Nbd7 6. Bd3 Bd6 7. 0-0 0-0 8. b3 e5 9. cxd5 cxd5 10. Nb5 Bb8 11. Bf5 e4 12. Ne1 a6 13. Na3 Re8 14. Bd2 Bd6 15. Nac2 Nf8 16. Bxc8 Rxc8 17. Bb4 Bxb4 18. Nxb4 Qd6 1/2-1/2

[Event "Voelklingen ST-ch"]
[Site "Voelklingen"]
[Date "2003.04.13"]
[Round "2.2"]
[White "Both, Gerhard"]
[Black "Passeier, Helmut"]
[Result "0-1"]
[WhiteElo "1967"]
[BlackElo "1792"]
[PlyCount "60"]
[EventDate "2003.04.11"]
[EventType "swiss"]
[EventRounds "7"]
[EventCountry "GER"]
[SourceTitle "EXT 2004"]
[Source "ChessBase"]
[SourceDate "2003.11.25"]
[SourceVersion "1"]
[SourceVersionDate "2003.11.25"]
[SourceQuality "1"]

1. d4 d5 2. c4 e6 3. Nc3 Nf6 4. Bg5 Nbd7 5. e3 c6 6. Nf3 Bb4 7. Qc2 Qa5 8. Nd2 dxc4 9. Bxf6 Nxf6 10. Bxc4 e5 11. dxe5 Qxe5 12. Bxf7+ Kxf7 13. Qb3+ Nd5 14. e4 Qe6 15. 0-0 Nxc3 16. Qxb4 Nb5 17. Nf3 Qe7 18. Qd2 Rd8 19. Qf4+ Kg8 20. a4 Nd4 21. Nxd4 Rxd4 22. Rfe1 Be6 23. Qe5 Rad8 24. f4 Qf6 25. Qxf6 gxf6 26. f5 Bb3 27. a5 Re8 28. Re3 Bc2 29. Rae1 Rdxe4 30. Rxe4 Rxe4 0-1

[Event "GER Cup Amateur Seniors 1st"]
[Site "Voelklingen"]
[Date "2000.10.12"]
[Round "7"]
[White "Passeier, Helmut"]
[Black "Wolf, Alfred"]
[Result "1/2-1/2"]
[WhiteElo "1825"]
[BlackElo "1800"]
[PlyCount "39"]
[EventDate "2000.10.??"]
[EventType "swiss"]
[EventRounds "9"]
[EventCountry "GER"]
[SourceTitle "EXT 2004"]
[Source "ChessBase"]
[SourceDate "2003.11.25"]
[SourceVersion "1"]
[SourceVersionDate "2003.11.25"]
[SourceQuality "1"]

1. e4 c6 2. d4 d5 3. exd5 cxd5 4. Bd3 Nc6 5. Nf3 Bg4 6. Nbd2 e6 7. c3 Nf6 8. 0-0 Bd6 9. Re1 Qc7 10. h3 Bh5 11. Qa4 0-0 12. Bb5 a6 13. Bxc6 bxc6 14. Ne5 Rfc8 15. Nb3 Nd7 16. Bf4 Nb6 17. Qa5 f6 18. Nd3 Rab8 19. Bxd6 Qxd6 20. Qc5 1/2-1/2

[Event "GER Cup Amateur Seniors 1st"]
[Site "Voelklingen"]
[Date "2000.10.11"]
[Round "6"]
[White "Hennige, Anneliese"]
[Black "Passeier, Helmut"]
[Result "0-1"]
[WhiteElo "100"]
[BlackElo "1825"]
[PlyCount "68"]
[EventDate "2000.10.??"]
[EventType "swiss"]
[EventRounds "9"]
[EventCountry "GER"]
[SourceTitle "EXT 2004"]
[Source "ChessBase"]
[SourceDate "2003.11.25"]
[SourceVersion "1"]
[SourceVersionDate "2003.11.25"]
[SourceQuality "1"]

1. Nf3 Nf6 2. c4 e6 3. Nc3 d5 4. e3 Nbd7 5. Bd3 Nc5 6. Be2 dxc4 7. Bxc4 Nd3+ 8. Bxd3 Qxd3 9. Ne5 Qa6 10. d3 Bd6 11. f4 0-0 12. 0-0 b5 13. Qf3 Rb8 14. Bd2 Bb7 15. Qg3 b4 16. Ne4 Bxe4 17. dxe4 Nxe4 18. Qe1 Rfd8 19. Qc1 Bxe5 20. fxe5 Nxd2 21. Rf2 Qc4 22. Rxd2 Qxc1+ 23. Rxc1 Rxd2 24. Rxc7 Rxb2 25. Rxa7 Rc8 26. h4 h5 27. Kh2 Rcc2 28. Kg3 Rxg2+ 29. Kf3 Rxa2 30. Rb7 Kh7 31. Rxb4 Raf2+ 32. Ke4 Rg4+ 33. Kd3 Rxb4 34. Kc3 Rxh4 0-1